Автомобили "Москвич" модели 2141-01, 21412-01, 214122, 214123, 2335, 23352, 233522, 233523 (Запись № 412411)

Подробности
000 -МАРКЕР
контрольное поле 01863nam0a2200337 4500
001 - ИДЕНТИФИКАТОР ЗАПИСИ
контрольное поле RU\NLR\bibl\76338
005 - ИДЕНТИФИКАТОР ВЕРСИИ
контрольное поле 20250616101915.0
010 ## - МЕЖДУНАРОДНЫЙ СТАНДАРТНЫЙ НОМЕР КНИГИ (ISBN)
Номер (ISBN) 5-89199-001-6
Тираж 30000
021 ## - НОМЕР ГОСУДАРСТВЕННОЙ РЕГИСТРАЦИИ
Код страны Российская Федерация
Номер 1998-42066
Номер Листа государственной регистраци 2022
035 ## - ДРУГИЕ СИСТЕМНЫЕ НОМЕРА
Идентификатор записи (NLR Aleph) 000074511
100 ## - ДАННЫЕ ОБЩЕЙ ОБРАБОТКИ
Данные общей обработки 20000322d1998 |||y0rusy50 ca
101 0# - ЯЗЫК РЕСУРСА
Язык текста, звукозаписи и т.д. русский
102 ## - СТРАНА ПУБЛИКАЦИИ ИЛИ ПРОИЗВОДСТВА
Страна публикации Российская Федерация
105 ## - ПОЛЕ КОДИРОВАННЫХ ДАННЫХ: ТЕКСТОВЫЕ МАТЕРИАЛЫ, МОНОГРАФИЧЕСКИЕ
Кодированные данные о монографическом текстовом документе a |||||||||
200 1# - ЗАГЛАВИЕ И СВЕДЕНИЯ ОБ ОТВЕТСТВЕННОСТИ
Основное заглавие Автомобили "Москвич" модели 2141-01, 21412-01, 214122, 214123, 2335, 23352, 233522, 233523
Сведения, относящиеся к заглавию Техн. обслуж. и текущий ремонт
210 ## - ПУБЛИКАЦИЯ, РАСПРОСТРАНЕНИЕ И ДР.
Место издания, распространения и т.д. М.
Имя издателя, распространителя и т. д. Авто-книга
Дата издания, распространения и т.д. 1998
215 ## - ФИЗИЧЕСКАЯ ХАРАКТЕРИСТИКА
Специфическое обозначение материала и объем 292,[3] с.
Другие сведения о физической характеристике ил.
Размеры 26
Сопроводительный материал [3] отд. л. схем.
300 ## - ОБЩИЕ ПРИМЕЧАНИЯ
Текст примечания На обл.: Автомобиль Москвич 2141; 2335 и их модификации: Объем цилиндров 1,57; 1,48; 1,7; 1,8
512 1# - ЗАГЛАВИЕ ОБЛОЖКИ
Заглавие обложки Автомобиль Москвич 2141; 2335 и их модификации: Объем цилиндров 1,57; 1,48; 1,7; 1,8
606 0# - НАИМЕНОВАНИЕ ТЕМЫ КАК ПРЕДМЕТ
Наименование темы Автомобили "Москвич" 2335
Формальный подзаголовок Руководства, пособия и т.п.
Тематический подзаголовок Эксплуатация
Системный номер авторитетной/нормативной записи 1171154
Идентификатор авторитетной/нормативной записи RU\NLR\auth\66152281
606 0# - НАИМЕНОВАНИЕ ТЕМЫ КАК ПРЕДМЕТ
Наименование темы "Москвич" 2141, легковые автомобили
Формальный подзаголовок Руководства, пособия и т.п.
Тематический подзаголовок Эксплуатация
Системный номер авторитетной/нормативной записи 2097551
Идентификатор авторитетной/нормативной записи RU\NLR\auth\661268972
606 0# - НАИМЕНОВАНИЕ ТЕМЫ КАК ПРЕДМЕТ
Наименование темы "Москвич" 2335, легковые автомобили
Формальный подзаголовок Руководства, пособия и т.п.
Тематический подзаголовок Эксплуатация
Системный номер авторитетной/нормативной записи 2097553
Идентификатор авторитетной/нормативной записи RU\NLR\auth\661268973
606 0# - НАИМЕНОВАНИЕ ТЕМЫ КАК ПРЕДМЕТ
Наименование темы Автомобили "Москвич" 2141
Формальный подзаголовок Руководства, пособия и т.п.
Тематический подзаголовок Эксплуатация
Системный номер авторитетной/нормативной записи 1051579
Идентификатор авторитетной/нормативной записи RU\NLR\auth\6688487
686 ## - ИНДЕКСЫ ДРУГИХ КЛАССИФИКАЦИЙ
Индекс О335.52-08я7
801 #0 - ИСТОЧНИК ЗАПИСИ
Страна Российская Федерация
Организация NLR
Дата составления 20000322
Правила каталогизации PSBO
801 #1 - ИСТОЧНИК ЗАПИСИ
Страна Российская Федерация
Организация NLR
Дата составления 20000322
852 ## - МЕСТОНАХОЖДЕНИЕ И ШИФР ХРАНЕНИЯ
Идентификатор организации NLR
Шифр хранения (Call Number) 99-7/3128
942 ## - ДОПОЛНИТЕЛЬНЫЕ ЭЛЕМЕНТЫ ЗАПИСИ (АБИС)
Тип экземпляра АБИС Книга
980 ## - КОЛЛЕКЦИЯ
Название коллекции Национальная библиография
Экземпляры
Тип экземпляра Дата поступления Источник поступления Библиотека постоянного хранения Библиотека текущего хранения Место хранения Шифр хранения Штрих-код Статус экземпляра
Книга 22.03.2000 Обязательный экземпляр РНБ (Московский) РНБ (Московский) Русский книжный фонд: издания с 1957 года 99-7/3128 16033  
Книга 22.03.2000 Обязательный экземпляр РНБ (Московский) РНБ (Московский) Русский книжный фонд: издания с 1957 года 99-7/3128 16034